Lords of the Deccan : southern India from the Chalukyas to the Cholas (Record no. 18371)
[ view plain ]
| 000 -LEADER | |
|---|---|
| fixed length control field | 00319cam a22001217i 4500 |
| 020 ## - INTERNATIONAL STANDARD BOOK NUMBER | |
| ISBN | 9789353451608 |
| 082 04 - DEWEY DECIMAL CLASSIFICATION NUMBER | |
| Classification number | 823 |
| Item number | KAN |
| 100 1# - MAIN ENTRY--AUTHOR NAME | |
| Personal name | Kanisetti, Anirudh |
| 245 10 - TITLE STATEMENT | |
| Title | Lords of the Deccan : southern India from the Chalukyas to the Cholas |
| 260 ## - PUBLICATION, DISTRIBUTION, ETC. (IMPRINT) | |
| Place of publication | New Delhi: |
| Name of publisher | Jaggernaut, |
| Year of publication | 2022. |
| 300 ## - PHYSICAL DESCRIPTION | |
| Number of Pages | 461p. |
| 942 ## - ADDED ENTRY ELEMENTS (KOHA) | |
| Koha item type | Books |
| Collection code | Home library | Current library | Shelving location | Date acquired | Source of acquisition | Cost, normal purchase price | Full call number | Accession Number | Koha item type |
|---|---|---|---|---|---|---|---|---|---|
| Law | Mahindra University School of Law | Mahindra University School of Law | Reference | 01/12/2025 | shah book House | 799.00 | 823 KAN | L6279 | Reference |
| Law | Mahindra University School of Law | Mahindra University School of Law | General Stacks | 01/12/2025 | shah book House | 799.00 | 823 KAN | L6280 | Books |
